| 000 | 00389 a2200169 4500 | ||
|---|---|---|---|
| 001 | 72972 | ||
| 020 | _a9788508112401 | ||
| 040 | _cAnchieta - Colégio São Paulo | ||
| 100 | _aFerraresi, Carla Miucci | ||
| 240 | 1 | 0 |
_aHistória em projetos _lpor |
| 245 | 1 | 0 | _aHistória em projetos |
| 300 | _a288 | ||
| 362 | 0 | _a2007 | |
| 440 | 1 | _aÁtica | |
| 650 | 4 | _aHistória do mundo | |
| 942 | _cBK | ||
| 999 |
_c72972 _d72972 |
||